02167nam a22002177a 450000500170000000700150001700800410003202000180007303500100009104000090010110000210011024501110013125600240024226000360026630000280030250012450033050602700157565000250184574000380187085600410190820240305165609.0cr|||| |||| 210804s2014 ca |||||s|||| 00||0 eng d a9781552213698 a34926 avLex1 aFisher, Roger S.10aAntigone v. Creonh[Recurso electrónico] :bSophocles's Antigone as a Courtroom Drama /cRoger S. Fisher aServicio en línea aToronto:bIrwin Law Inc.,c2014 a1 recurso electrónico aSophocles's Antigone presents the audience with a serious political question — whether law is capable of resolving fundamental questions of right and wrong or whether it is merely a self-legitimizing discourse in which power is reduced to rhetoric and persuasion and nothing more. Sophocles poses that question and cleverly casts the audience in the role of a jury, asking them to pass judgment on a question that subversively threatens the claim that justice transcends language. This groundbreaking new English translation offers an authoritative reading of the Greek play as a work of legal literature. It seeks to convey the language of law and the spirit of litigation in the play, which are critically important for understanding the conflict and the motivations of the key characters. It is accompanied by a series of essays serving to guide readers through the play's legal issues. The translation offered here — in accurate but idiomatic English free verse — provides a reliable and essential foundation for discussion of the legal themes of the play. This book will appeal to students, academics, lawyers, and anyone with an interest in law and literature, legal theory, or the study of legal discourses in a courtroom setting.1 aDisponible solo en los productos indicadosdvLex GlobaldvLex Global (Academic Edition, excluding Law Schools)dvLex Global (U.S. Academic Edition, Law Schools)dvLex Global (U.S. Academic Edition, excluding Law Schools)dvLex Global (Academic Edition, Law Schools)04aLiteraturazCanadá0 avLex Libros (Servicio en línea)40uhttps://app.vlex.com/#/sources/34926